000 00423nam a2200169Ia 4500
100 _aHwang/Kai/ Fox/Geoffrey C
650 _aCloud computing
942 _cBK
366 _f25
654 _acloud computing
245 _aDistributed and cloud computing:From Parallel processing to the internet of things
260 _bMK publishers
_c2012
082 _a4.65
_bHWA
300 _a648
546 _aENGLISH
999 _c26079
_d26079